|
|
|
|
| LEADER |
01282nam a2200265 i 4500 |
| 003 |
GR-PaULI |
| 005 |
20210117210513.0 |
| 008 |
171109s2016 gr ||||f b||| 00| 0 gre d |
| 020 |
|
|
|a 9789604355297
|
| 040 |
|
|
|a GR-PaULI
|b gre
|c GR-PaULI
|e AACR2
|
| 041 |
1 |
|
|a gre
|h ita
|
| 082 |
0 |
4 |
|a 321.8
|2 23
|
| 100 |
1 |
|
|9 165520
|a Galli, Carlo.
|e συγγραφέας
|
| 245 |
1 |
2 |
|a Η αμηχανία της δημοκρατίας /
|c Carlo Galli; μετάφραση Περικλής Δημητρολόπουλος; θεώρηση μετάφρασης και επιμέλεια Ελένη Κοσμά.
|
| 260 |
|
|
|a Αθήνα :
|b Πόλις,
|c 2016.
|
| 300 |
|
|
|a 124 σ. ;
|c 21 εκ.
|
| 500 |
|
|
|a Τίτλος πρωτοτύπου: Il disagio della democrazia.
|
| 504 |
|
|
|6 Περιλαμβάνει βιβλιογραφία.
|
| 650 |
|
4 |
|9 3199
|a Δημοκρατία
|
| 700 |
1 |
|
|9 165523
|a Δημητρολόπουλος, Περικλής.
|e μεταφραστής
|
| 700 |
1 |
|
|9 165524
|a Κοσμά, Ελένη.
|e επιμελήτρια
|
| 942 |
|
|
|2 ddc
|c BK15
|
| 952 |
|
|
|0 0
|1 0
|2 ddc
|4 0
|6 321_800000000000000_GAL
|7 0
|9 217185
|a PHIL
|b PHIL
|d 2017-11-09
|i 12181
|l 0
|o 321.8 GAL
|p 025000242890
|r 2017-11-09 00:00:00
|t 1
|v 2017.00
|w 2017-11-09
|y BK15
|
| 998 |
|
|
|c ΚΑΝΕΛΛΟΠΟΥΛΟΥ
|d 2017-11
|
| 999 |
|
|
|c 131662
|d 131662
|